[Event "Heusenstamm Schloss op"]
[Site "Heusenstamm"]
[Date "2022.11.20"]
[Round "7"]
[White "Fanin, Erik"]
[Black "Hinz, Andre"]
[Result "1/2-1/2"]
[WhiteElo "1850"]
[BlackElo "1668"]
[PlyCount "77"]
[EventDate "2022.11.17"]
[EventType "swiss"]
[EventRounds "7"]
[EventCountry "GER"]
[SourceTitle "CBM 212 Extra"]
[Source "ChessBase"]
[SourceDate "2023.03.31"]
[SourceVersion "1"]
[SourceVersionDate "2023.03.31"]
[SourceQuality "1"]

1. e4 e5 2. Nf3 Nf6 3. Nc3 Nc6 4. d4 exd4 5. Nxd4 Bb4 6. Nxc6 bxc6 7. Bd3 0-0 8. 0-0 d5 9. Bd2 Bxc3 10. Bxc3 Nxe4 11. Bxe4 dxe4 12. Qh5 Qd5 13. Qh4 Bf5 14. Qg3 f6 15. Qxc7 Rf7 16. Qg3 Rd8 17. Rfe1 e3 18. Qxe3 Bxc2 19. Rac1 Bg6 20. a3 Rfd7 21. h3 Bf7 22. Bb4 Re8 23. Qc3 Rxe1+ 24. Qxe1 h6 25. Kh2 Qb3 26. Rxc6 Qxb2 27. Rc8+ Kh7 28. Qe4+ Bg6 29. Qg4 Qe5+ 30. f4 Qd4 31. h4 h5 32. Qf3 a6 33. Bc3 Qe4 34. Qf2 Bf7 35. Rb8 Bd5 36. Rb4 Qf5 37. Rd4 Bc6 38. Rxd7 Bxd7 39. Bd2 1/2-1/2

[Event "Eschborn op"]
[Site "Eschborn"]
[Date "2018.10.06"]
[Round "3"]
[White "Stecher, Armin"]
[Black "Hinz, Andre"]
[Result "0-1"]
[WhiteElo "1629"]
[BlackElo "1777"]
[PlyCount "92"]
[EventDate "2018.10.05"]
[EventType "swiss"]
[EventRounds "5"]
[EventCountry "GER"]
[SourceTitle "CBM 187 Extra"]
[Source "ChessBase"]
[SourceDate "2018.11.04"]
[SourceVersion "1"]
[SourceVersionDate "2018.11.04"]
[SourceQuality "1"]

1. e4 Nc6 2. Nf3 d6 3. Nc3 Nf6 4. h3 g6 5. Bb5 a6 6. Be2 Bg7 7. d4 0-0 8. Be3 b5 9. a3 Bb7 10. Bd3 Nd7 11. Qd2 Nb6 12. Bh6 d5 13. Bxg7 Kxg7 14. e5 f6 15. h4 Nc4 16. Bxc4 dxc4 17. exf6+ exf6 18. 0-0-0 Ne7 19. h5 Rh8 20. Rh3 Qd7 21. Ne2 Rad8 22. c3 Rde8 23. Rdh1 Qg4 24. Rg3 Qf5 25. Nf4 Be4 26. Nh4 Qd7 27. f3 Bf5 28. Nxf5+ Qxf5 29. hxg6 hxg6 30. Rhh3 Rxh3 31. Rxh3 g5 32. Nh5+ Kf7 33. Ng3 Qg6 34. Qc2 Qxc2+ 35. Kxc2 Nd5 36. Kd2 Kg6 37. Ne2 Rxe2+ 38. Kxe2 Nf4+ 39. Kf2 Nxh3+ 40. gxh3 Kf5 41. Kg2 Kf4 42. Kf2 c6 43. Kg2 f5 44. Kf2 a5 45. Kg2 Ke3 46. Kg3 a4 0-1

[Event "Frankfurt-chA"]
[Site "Frankfurt"]
[Date "2018.06.11"]
[Round "6"]
[White "Teschler, Ulrich"]
[Black "Hinz, Andre"]
[Result "1-0"]
[WhiteElo "1925"]
[BlackElo "1746"]
[PlyCount "79"]
[EventDate "2018.04.30"]
[EventType "swiss"]
[EventRounds "7"]
[EventCountry "GER"]
[SourceTitle "EXT 2019"]
[Source "ChessBase"]
[SourceDate "2018.10.10"]
[SourceVersion "1"]
[SourceVersionDate "2018.10.10"]
[SourceQuality "1"]

1. e4 Nc6 2. d4 d6 3. Bb5 a6 4. Bc4 Nf6 5. Nc3 g6 6. a4 Bg7 7. Nge2 0-0 8. f3 e6 9. Be3 b6 10. Qd2 Re8 11. Bh6 Bh8 12. h4 d5 13. Ba2 dxe4 14. fxe4 Ng4 15. Bg5 Bf6 16. e5 Be7 17. Qf4 h5 18. 0-0 Rf8 19. Qe4 Bxg5 20. hxg5 Bd7 21. Qf4 Nb4 22. Bb3 Bc6 23. Rad1 Nd5 24. Nxd5 Bxd5 25. c4 Bb7 26. Rd3 Qe7 27. Bd1 c5 28. Ng3 cxd4 29. Bxg4 hxg4 30. Qxg4 Kg7 31. b3 Rad8 32. Qh4 Rh8 33. Qf4 Rd7 34. Qf6+ Qxf6 35. gxf6+ Kf8 36. Rf4 Bc6 37. Rfxd4 Ke8 38. Rxd7 Bxd7 39. Rd6 b5 40. Rxa6 1-0

[Event "Wiesbaden op 29th"]
[Site "Wiesbaden"]
[Date "2017.08.27"]
[Round "7"]
[White "Von Beckh, Frieda"]
[Black "Hinz, Andre"]
[Result "1-0"]
[WhiteElo "1248"]
[BlackElo "1696"]
[PlyCount "105"]
[EventDate "2017.08.24"]
[EventType "swiss"]
[EventRounds "7"]
[EventCountry "GER"]
[SourceTitle "CBM 180 Extra"]
[Source "ChessBase"]
[SourceDate "2017.10.06"]
[SourceVersion "1"]
[SourceVersionDate "2017.10.06"]
[SourceQuality "1"]

1. e4 c5 2. d4 cxd4 3. c3 dxc3 4. Nxc3 Nc6 5. Nf3 d6 6. Bc4 e6 7. 0-0 Be7 8. Qe2 a6 9. Be3 Nf6 10. Rfd1 Ng4 11. Bd2 b5 12. Bb3 0-0 13. Bf4 e5 14. Bg3 Qb6 15. Nd5 Qb7 16. Rac1 Na5 17. Rc7 Qb8 18. Nxe7+ Kh8 19. Rxc8 Rxc8 20. Nxc8 Qxc8 21. Bxf7 Ra7 22. Ng5 Nf6 23. Rxd6 h6 24. Be6 Qc1+ 25. Rd1 Qxg5 26. h4 Qh5 27. Qxh5 Nxh5 28. Bxe5 Nc6 29. Bc3 Nf4 30. Bg4 b4 31. Bd2 Nd3 32. b3 Re7 33. Be3 Nde5 34. Bc5 Re8 35. Be2 a5 36. Bb5 Rd8 37. Rxd8+ Nxd8 38. Bb6 Nec6 39. f4 Kg8 40. Kf2 Kf7 41. Ke3 Ke6 42. Bxd8 Nxd8 43. Kd4 Kd6 44. e5+ Ke6 45. Ke4 Nb7 46. f5+ Ke7 47. Kd5 Nd8 48. g4 Nf7 49. e6 Nd8 50. Bd7 Kf6 51. Kd6 g6 52. fxg6 Kxg6 53. e7 1-0

[Event "Frankfurt-chA"]
[Site "Frankfurt"]
[Date "2015.06.15"]
[Round "7"]
[White "Hinz, Andre"]
[Black "Rutsatz, Mario"]
[Result "1/2-1/2"]
[WhiteElo "1690"]
[BlackElo "1917"]
[PlyCount "136"]
[EventDate "2015.04.27"]
[EventType "swiss"]
[EventRounds "7"]
[EventCountry "GER"]
[SourceTitle "EXT 2016"]
[Source "ChessBase"]
[SourceDate "2015.10.08"]
[SourceVersion "1"]
[SourceVersionDate "2015.10.08"]
[SourceQuality "1"]

1. c4 Nf6 2. g3 g6 3. Bg2 Bg7 4. Nf3 0-0 5. 0-0 c6 6. Nc3 d6 7. b4 a5 8. b5 Be6 9. Qa4 Nbd7 10. bxc6 bxc6 11. Nd4 Nc5 12. Qxc6 Rc8 13. Nxe6 fxe6 14. Qb5 Nfe4 15. Qb2 Na4 16. Qc2 Naxc3 17. dxc3 Nxc3 18. Bb2 Rxc4 19. Qd3 Qc7 20. Bh3 Kh8 21. Bxe6 Rb4 22. Bxc3 Qxc3 23. Qxc3 Bxc3 24. Rac1 Bf6 25. Rc2 Rfb8 26. Rfc1 Kg7 27. Kg2 Bb2 28. Rb1 Kf6 29. Bb3 Bd4 30. Rd1 e6 31. e3 Bc5 32. Bc4 Rb2 33. Rdd2 Rxc2 34. Rxc2 d5 35. Bxd5 Bxe3 36. Rc6 Ke5 37. Rxe6+ Kxd5 38. Rxe3 Kc4 39. Ra3 Rb5 40. Ra4+ Kc5 41. Kf3 Kb6 42. Re4 Rb2 43. Re2 Rb1 44. Ke3 Kc5 45. Kd3 Kb4 46. Kc2 Ra1 47. Kb2 Rd1 48. h4 a4 49. Re4+ Kb5 50. Re2 Rd3 51. Re5+ Kb4 52. Re4+ Kb5 53. Rf4 a3+ 54. Kc2 Rd5 55. g4 h5 56. f3 Re5 57. Re4 Rxe4 58. fxe4 hxg4 59. Kd3 Kc5 60. Ke3 g3 61. Kf3 Kd4 62. Kxg3 Kxe4 63. Kg4 Kd3 64. Kg5 Kc2 65. Kxg6 Kb2 66. h5 Kxa2 67. h6 Kb1 68. h7 a2 1/2-1/2

[Event "Hofheim Spring op-B 3rd"]
[Site "Hofheim"]
[Date "2015.04.08"]
[Round "3"]
[White "Hinz, Andre"]
[Black "Deppe, Leo Max"]
[Result "1/2-1/2"]
[WhiteElo "1690"]
[BlackElo "1602"]
[PlyCount "106"]
[EventDate "2015.04.07"]
[EventType "swiss"]
[EventRounds "9"]
[EventCountry "GER"]
[SourceTitle "CBM 166 Extra"]
[Source "ChessBase"]
[SourceDate "2015.06.18"]
[SourceVersion "1"]
[SourceVersionDate "2015.06.18"]
[SourceQuality "1"]

1. c4 Nf6 2. g3 g6 3. Bg2 Bg7 4. Nc3 e5 5. e4 Nc6 6. Nge2 d6 7. 0-0 0-0 8. Rb1 Be6 9. d3 Nd7 10. b4 a5 11. a3 axb4 12. axb4 Ne7 13. Be3 c6 14. Qd2 Qc7 15. Ra1 Rfd8 16. Rfc1 f5 17. f4 fxe4 18. Rxa8 Rxa8 19. Bxe4 Nf5 20. Bf2 Nf6 21. Bf3 Qd7 22. Ne4 Nxe4 23. dxe4 Nh6 24. c5 dxc5 25. Qxd7 Bxd7 26. Bxc5 Ra2 27. Rd1 Bg4 28. Kf2 Ra3 29. Bxg4 Nxg4+ 30. Kg1 Ra2 31. Re1 exf4 32. gxf4 Kf7 33. h3 Nf6 34. Nd4 Rd2 35. Nf3 Rb2 36. Ng5+ Ke8 37. Ne6 Bh6 38. f5 Nd7 39. Bd6 Nf8 40. Bxf8 Bxf8 41. Nxf8 Kxf8 42. f6 Rxb4 43. Kf2 Kf7 44. e5 Ke6 45. Kf3 g5 46. Kg3 Rf4 47. Re3 b5 48. Rc3 Kxe5 49. Rxc6 Rxf6 50. Rc5+ Ke4 51. Rxb5 Rf5 52. Rb4+ Ke5 53. Rb6 h5 1/2-1/2

[Event "Frankfurt-chA"]
[Site "Frankfurt"]
[Date "2014.05.26"]
[Round "5"]
[White "Hinz, Andre"]
[Black "Raquet, Helmut"]
[Result "1-0"]
[WhiteElo "1760"]
[BlackElo "1662"]
[PlyCount "61"]
[EventDate "2014.04.28"]
[EventType "swiss"]
[EventRounds "7"]
[EventCountry "GER"]
[SourceTitle "EXT 2015"]
[Source "ChessBase"]
[SourceDate "2014.11.20"]
[SourceVersion "1"]
[SourceVersionDate "2014.11.20"]
[SourceQuality "1"]

1. c4 f5 2. g3 e6 3. Bg2 d5 4. cxd5 exd5 5. Nc3 c6 6. d4 Bd6 7. Nf3 Nf6 8. Bg5 0-0 9. 0-0 Qe8 10. Bh3 Qh5 11. Bxf6 Rxf6 12. Bg2 f4 13. Qb3 Rh6 14. Rac1 Nd7 15. e4 fxg3 16. fxg3 Nb6 17. exd5 cxd5 18. Ne4 Bg4 19. Nxd6 Bxf3 20. Rxf3 Rxd6 21. Rcf1 Rad8 22. Qe3 Re8 23. Qe7 Rdd8 24. Qxb7 Rd7 25. Qc6 Qg6 26. Qc5 Qd6 27. Bh3 Rdd8 28. b3 h6 29. Rf7 Qb8 30. a4 Rf8 31. Rxf8+ 1-0